000 00254nam a22001217a 4500
003 SGT
082 _a080
_bI02G
100 _aGHOSE. ARUNA
245 _aALLUSTRATED GUIDE TO INDIA
260 _bPENGUIN INDIA BOOK
_c2002
300 _a824
942 _2ddc
_cBK
999 _c31458
_d31458